Podnikové kombinácie podľa IAS/IFRS

Vstupom do EÚ Slovensko sa riadi záväznými smernicami EÚ. Medzinárodné účtovné štandardy, Medzinárodné štandardy pre finančné vykazovanie, používané pri zostavovaní konsolidovanej účtovnej závierky spoločností. Projekt podnikových kombinácií, IFRS 3, metódy účtovania podnikových kombinácií.

Saved in:
Bibliographic Details
Main Author: Parišová, Renáta, 1977-
Format: Book Chapter
Language:Slovak
Subjects:
Tags: Add Tag
No Tags, Be the first to tag this record!

MARC

LEADER 00000naa$a2200000$$$4500
001 0032240
005 20240502071440.0
041 0 |a slo 
044 |a SK 
245 1 0 |a Podnikové kombinácie podľa IAS/IFRS  |c Renáta Parišová 
520 |a Vstupom do EÚ Slovensko sa riadi záväznými smernicami EÚ. Medzinárodné účtovné štandardy, Medzinárodné štandardy pre finančné vykazovanie, používané pri zostavovaní konsolidovanej účtovnej závierky spoločností. Projekt podnikových kombinácií, IFRS 3, metódy účtovania podnikových kombinácií. 
610 2 0 |a účtovníctvo 
610 2 0 |a podnikatelia 
610 2 0 |a kombinácie podnikové 
610 2 0 |a účtovníctvo medzinárodné 
610 2 0 |a štandardy účtovné medzinárodné 
610 2 0 |a štandardy 
610 2 0 |a výkazy finančné 
610 2 0 |a výkazy účtovné konsolidované 
610 2 0 |a jednotka účtovná 
100 1 |a Parišová, Renáta, 1977-